000 00401pab a2200157 454500
008 180718b2011 xxu||||| |||| 00| 0 eng d
100 _aZutschi, B.K.
245 _aRegulatory freedom under GATS: Financial services sector
260 _c2011
300 _ap.68-82.
362 _a12 Nov
650 _aInternational trade
773 _aEconomic and Political Weekly
908 _aN
909 _a94067
999 _c94067
_d94067